Basic Discrete Mathematics (Record no. 18408)

MARC details
000 -LEADER
fixed length control field 00537nam a22001817a 4500
008 - FIXED-LENGTH DATA ELEMENTS--GENERAL INFORMATION
fixed length control field 200804b xxu||||| |||| 00| 0 eng d
020 ## - INTERNATIONAL STANDARD BOOK NUMBER
International Standard Book Number 9813147546
050 ## - LIBRARY OF CONGRESS CALL NUMBER
Classification number QA9.25
Item number .K64 2016 c.1
100 ## - MAIN ENTRY--PERSONAL NAME
Personal name Kohar, Richard
245 ## - TITLE STATEMENT
Title Basic Discrete Mathematics
Remainder of title Logic, set theory, and probability
Statement of responsibility, etc. Richard Kohar
260 ## - PUBLICATION, DISTRIBUTION, ETC. (IMPRINT)
Place of publication, distribution, etc. New Jersey
Name of publisher, distributor, etc. World Scientific
Date of publication, distribution, etc. 2016
300 ## - PHYSICAL DESCRIPTION
Extent xxvi, 706p.
650 ## - SUBJECT ADDED ENTRY--TOPICAL TERM
Topical term or geographic name as entry element Logic
Form subdivision symbolic and mathematical
650 ## - SUBJECT ADDED ENTRY--TOPICAL TERM
Topical term or geographic name as entry element Proof theory
650 ## - SUBJECT ADDED ENTRY--TOPICAL TERM
Topical term or geographic name as entry element Induction
650 ## - SUBJECT ADDED ENTRY--TOPICAL TERM
Topical term or geographic name as entry element Set theories
942 ## - ADDED ENTRY ELEMENTS (KOHA)
Source of classification or shelving scheme Library of Congress Classification
Koha item type General Collection
Holdings
Withdrawn status Lost status Source of classification or shelving scheme Not for loan Home library Current library Date acquired Cost, normal purchase price Total Checkouts Total Renewals Full call number Barcode Date last seen Date last checked out Price effective from Koha item type Checked out
    Library of Congress Classification   Kabarak, Main Campus Kabarak, Main Campus 04/08/2020 7793.00 13 4 QA9.25 .K64 2016 c.1 028549 04/04/2024 03/04/2024 04/08/2020 General Collection  
    Library of Congress Classification   Kabarak, Main Campus Kabarak, Main Campus 04/08/2020 7793.00 9 1 QA9.25 .K64 2016 c.2 028550 19/09/2024 19/09/2024 04/08/2020 General Collection 05/10/2024
    Library of Congress Classification   Kabarak, Nakuru City Campus Kabarak, Main Campus 04/08/2020 7793.00 4   QA9.25 .K64 2016 c.1 028551 13/07/2023 26/06/2023 04/08/2020 General Collection  
Designed with assistance from East African Informatics Ltd